000 01361nam a2200385 i 4500
001 192762
003 SpMaBN
005 20250825062727.0
008 230521s2020 sp a | |||| 000 0bspa
017 _aM 18700-2020
_bOficina Depósito Legal Madrid
020 _a9788409221660
040 _aSpMaBN
_bspa
_cES-MaACL
_erda
080 _a929 Rosales, Eduardo
080 _a75 Rosales, Eduardo
100 1 _aRubio Gil, Luis
_eaut
_9100414
245 1 0 _aEduardo Rosales /
_cLuis Rubio Gil, [Ignacio Martín Cárdenas]
246 1 4 _aVida y obra del pintor Eduardo Rosales
264 1 _a[Madrid] :
_bMolina,
_c[2020]
300 _a122 páginas :
_bilustraciones (color) ;
_c24 cm
336 _aTexto
_aImagen fija
_2rdacontent
337 _asin mediación
_2rdamedia
338 _avolumen
_2rdacarrier
500 _aÍndice
504 _aBibliografía: páginas 112-118
600 1 4 _aRosales, Eduardo,
_d1836-1873
_999638
655 7 _aLibros ilustrados
_2tgfbne
_9193653
655 0 _aBiografías
_9176647
700 1 _aRosales, Eduardo,
_d1836-1873
_eart
_999638
700 1 _aMartín Cárdenas, Ignacio,
_d1972-
_eaut
_9235476
852 _aEs-MaACL
_bR.152943
_cDEPOJ
_hDonación: Luis Rubio Gil
_jN-8400
_9200061
903 _9100414
_aRubio Gil, Luis
_ednr
942 _cMONOGRAFIA
_n0
999 _c192762
_d192762